000 00553nam a2200181Ia 4500
008 100921s9999 xx 000 0 und d
082 _b22284
_a820 थ 57
100 _a---
245 _aGuide To Communing Development.
260 _bगव्हरमेंट ऑफ इंडिया.
_c1957
300 _a204
_b---
365 _b0
520 _aललित इंग्रजी.
630 _aGuide To Communing Development.
650 _aललित इंग्रजी.
730 _aGuide To Communing Development.
942 _cBOOK
999 _c771397
_d771394